| 000 | 00966nam a2200229Ia 4500 | ||
|---|---|---|---|
| 001 | 19567 | ||
| 003 | GE_BSU | ||
| 008 | 181216s||||||||xx |||||||||||||| ||und|| | ||
| 040 | _cGE_BSU | ||
| 080 | _a374.7 | ||
| 245 | _aმასობრივი ღონისძიებების მომზადებისა და ჩატარების მეთოდიკა. | ||
| 245 | _bმეთოდური რეკომენდაციები | ||
| 245 | _cშემგდ.ვ. კევლიშვილი, რედ. თ. გაბელია | ||
| 260 | _aთბილისი | ||
| 260 | _c1988 | ||
| 300 | _a16გვ. | ||
| 541 | _h2ლ. 40თ. | ||
| 653 | _aბიბლიოთეკარი | ||
| 653 | _aმასობრივი ღონისძიებების მომზადებისა და ჩატარების მეთოდიკა. | ||
| 653 | _aქსეროქსი | ||
| 942 | _cBK | ||
| 999 |
_c52543 _d52543 |
||